Financial accounting part 1 (Record no. 9716)
[ view plain ]
| 000 -LEADER | |
|---|---|
| fixed length control field | 00445nam a22001217a 4500 |
| 040 ## - CATALOGING SOURCE | |
| Transcribing agency | HS |
| 082 ## - DEWEY DECIMAL CLASSIFICATION NUMBER | |
| Classification number | 657 |
| 100 ## - MAIN ENTRY--AUTHOR NAME | |
| Personal name | SAM GHANTHY |
| 245 ## - TITLE STATEMENT | |
| Title | Financial accounting part 1 |
| 260 ## - PUBLICATION, DISTRIBUTION, ETC. (IMPRINT) | |
| Place of publication | វិទ្យាស្ថានសេដ្ឋកិច្ច និងហិរញ្ញវត្ថុនៃក្រសួងសេដ្ឋកិច្ច និងហិរញ្ញវត្ថុ |
| Name of publisher | SAM GHANTHY |
| Year of publication | 2000 |
| 300 ## - PHYSICAL DESCRIPTION | |
| Number of Pages | 69p; |
| 942 ## - ADDED ENTRY ELEMENTS (KOHA) | |
| Koha item type | សៀវភៅភាសាអង់គ្លេស |
| 952 ## - LOCATION AND ITEM INFORMATION (KOHA) | |
| Withdrawn status [LOCAL, KOHA] | 0 |
| Permanent Location | Date acquired | Koha item type | Lost status | Shelving location | Barcode | Current Location | Full call number |
|---|---|---|---|---|---|---|---|
| Library Block C | 2016-09-07 | សៀវភៅភាសាអង់គ្លេស | C063 | RUA042972 | Library Block C | 657 SAM 2000 C63 |